书目信息 |
| 题名: |
师生沟通艺术
|
|
| 作者: | 陈泰芳 编著 | |
| 分册: | ||
| 出版信息: | 北京 北京教育出版社 2019.8 |
|
| 页数: | 122页 | |
| 开本: | 24cm | |
| 丛书名: | 中国教师丛书 | |
| 单 册: | ||
| 中图分类: | G456 | |
| 科图分类: | ||
| 主题词: | 师生关系--shi sheng guan xi--研究 | |
| 电子资源: | ||
| ISBN: | 978-7-5704-0378-3 | |
| 000 | 00959oam2 2200265 450 | |
| 001 | 2160540098 | |
| 005 | 20210928130734.0 | |
| 010 | @a978-7-5704-0378-3@dCNY24.00 | |
| 100 | @a20200331d2019 em y0chiy0120 ea | |
| 101 | 0 | @achi |
| 102 | @aCN@b110000 | |
| 105 | @ay z 000yy | |
| 106 | @ar | |
| 200 | 1 | @a师生沟通艺术@Ashi sheng gou tong yi shu@f陈泰芳编著 |
| 210 | @a北京@c北京教育出版社@d2019.8 | |
| 215 | @a122页@d24cm | |
| 225 | 2 | @a中国教师丛书@Azhong guo jiao shi cong shu |
| 314 | @a陈泰芳, 青岛大学汉语言文学专业毕业。 | |
| 330 | @a本书分六章, 师生沟通概述、促进师生沟通的条件、师生沟通的口语和体态语、师生心与情的沟通、课堂管理中的师生沟通、师生沟通与师生关系。内容包括: 有效的师生沟通 ; 师生沟通所包含的内容等。 | |
| 461 | 0 | @12001 @a中国教师丛书 |
| 606 | 0 | @a师生关系@Ashi sheng guan xi@x研究 |
| 690 | @aG456@v5 | |
| 701 | 0 | @a陈泰芳@Achen tai fang@f1972-@4编著 |
| 801 | 0 | @aCN@b百万庄@c20210926 |
| 905 | @b1301331-34@dG456@e485@f4 | |
| 师生沟通艺术/陈泰芳编著.-北京:北京教育出版社,2019.8 |
| 122页;24cm.-(中国教师丛书) |
| ISBN 978-7-5704-0378-3:CNY24.00 |
| 本书分六章, 师生沟通概述、促进师生沟通的条件、师生沟通的口语和体态语、师生心与情的沟通、课堂管理中的师生沟通、师生沟通与师生关系。内容包括: 有效的师生沟通 ; 师生沟通所包含的内容等。 |
| ● |
| 相关链接 |
|
|
|
|
正题名:师生沟通艺术
索取号:G456/485
 
预约/预借
| 序号 | 登录号 | 条形码 | 馆藏地/架位号 | 状态 | 备注 |
| 1 | 1301331 | 213013317 | 第一样本阅览室/ [索取号:G456/485] | 在馆 | |
| 2 | 1301332 | 213013326 | 第四借阅区/ [索取号:G456/485] | 在馆 | |
| 3 | 1301333 | 213013335 | 第四借阅区/ [索取号:G456/485] | 在馆 | |
| 4 | 1301334 | 213013344 | 第四借阅区/ [索取号:G456/485] | 在馆 |